00581nam a2200181Ia 4500003000900000008004100009040001600050080001700066100002100083245006800104260004400172300001600216650003100232650002100263942000700284999001500291952009300306IN-BaIIA211028s9999 xx 000 0 eng d cIIA Library a621.391bBEL aBell, D. A94584 0aInformation theory and Its engineering applicationscD. A. Bell aLondonbSir Isaac Pitman and Sonsc1953 aviii, 138p. a Information Theory98142 aNASA Thesaurus  cBK c4610d4610 00104070aBANbKAVcGENd0000-00-00l0o621.391/ BELp5143r2021-11-05w0000-00-00yBK